Repositioning Libraries For User Empowerment Policy, Planning and Technology/ (Record no. 187903)
[ view plain ]
| 000 -LEADER | |
|---|---|
| fixed length control field | 00727nam a22002177a 4500 |
| 005 - DATE AND TIME OF LATEST TRANSACTION | |
| control field | 20220505104433.0 |
| 010 ## - LCCN (DPL NO) | |
| LC control number | ENG-132519 |
| 020 ## - INTERNATIONAL STANDARD BOOK NUMBER | |
| International Standard Book Number | 9789380574295 |
| Terms of availability | 800.00 |
| 035 ## - SYSTEM CONTROL NUMBER | |
| System control number | EN-116051 |
| 037 ## - SOURCE OF ACQUISITION | |
| Source of stock number/acquisition | DBAD/PUB |
| 082 ## - DEWEY DECIMAL CLASSIFICATION NUMBER | |
| Classification number | 025.00285 |
| 245 ## - TITLE STATEMENT | |
| Title | Repositioning Libraries For User Empowerment Policy, Planning and Technology/ |
| Statement of responsibility, etc | Edited by Tariq Ashraf, Akhtar Parvez, Jaideep Sharma and UN Mathur |
| 260 ## - PUBLICATION, DISTRIBUTION, ETC. (IMPRINT) | |
| Place of publication, distribution, etc | Delhi |
| Name of publisher, distributor, etc | Bookwell |
| Date of publication, distribution, etc | 2012 |
| 270 ## - ADDRESS | |
| Address | 3/79, Nirankari Colony |
| City | Delhi |
| Postal code | 110009 |
| Electronic mail address | bkwell@nde.vsnl.net.in |
| 300 ## - PHYSICAL DESCRIPTION | |
| Extent | xiii, 443p. |
| Dimensions | 28cm(pbk) |
| 700 ## - ADDED ENTRY--PERSONAL NAME | |
| Personal name | Ashraf, Traiq |
| 700 ## - ADDED ENTRY--PERSONAL NAME | |
| Personal name | Parvez, Akhtar |
| 700 ## - ADDED ENTRY--PERSONAL NAME | |
| Personal name | Sharma, Jaideep |
| 700 ## - ADDED ENTRY--PERSONAL NAME | |
| Personal name | Mathur, UN |
| 942 ## - ADDED ENTRY ELEMENTS (KOHA) | |
| Source of classification or shelving scheme | Dewey Decimal Classification |
| Item type | English Books |
| Classification part | 025.00285 |
| Call number suffix | REP |
| Withdrawn status | Lost status | Not for loan | Collection code | Home library | Current library | Date acquired | Source of acquisition | Cost, normal purchase price | Full call number | Barcode | Copy number | Cost, replacement price | Koha item type |
|---|---|---|---|---|---|---|---|---|---|---|---|---|---|
| Not For Loan | Reference | Ashok Vihar | Ashok Vihar | 05/05/2022 | DBAD/PUB | 800.00 | 025.00285 REP | EN-116051 | 1 | 800.00 | English Books |
